000
00302nam a22001337a 4500
020
_a
8123914296
041
_a
ENG
100
_a
Phirke.P.S
245
_a
Postharvest Engineering Of Fruits And Vegetables
260
_a
New Delhi
_b
CBS
_c
2007
300
_a
212
650
_a
APE
856
_u
APE ( 10 )
999
_c
1776
_d
1776